|
|
|
|
| LEADER |
01282nam a2200349 a 4500 |
| 001 |
42289 |
| 003 |
BD-DhAAL |
| 005 |
20240219121225.0 |
| 008 |
240219t1999 bg a 000 0aeng d |
| 010 |
|
|
|a 99952091
|
| 020 |
|
|
|a 984759001X
|
| 025 |
|
|
|a B-E-99-952091; 021
|
| 035 |
|
|
|a (DLC) 99952091
|
| 037 |
|
|
|b Library of Congress -- New Delhi Field Office
|c Tk150.00
|
| 040 |
|
|
|a DLC
|c DLC
|d DLC
|d BD-DhAAL
|
| 042 |
|
|
|a lcode
|
| 043 |
|
|
|a a-bg---
|
| 050 |
0 |
0 |
|a DS395.7.R37
|b A3 1999
|
| 082 |
0 |
0 |
|a 327.54920092
|2 23
|
| 100 |
1 |
|
|a Rashid, Harun ur,
|d 1934-
|
| 245 |
1 |
4 |
|a The diary of a diplomat /
|c Harun ur Rashid.
|
| 264 |
|
|
|a Dhaka :
|b Ekushey Publications,
|c 1999.
|
| 300 |
|
|
|a 186 pages :
|b illustrations ;
|c 23 cm.
|
| 500 |
|
|
|a Autobiographical.
|
| 520 |
|
|
|a Autobiographical reminiscences and experiences of a diplomat from Bangladesh.
|
| 541 |
|
|
|a Donated by Rebecca Dipa Khan
|e 42289
|
| 600 |
1 |
0 |
|a Rashid, Harun ur,
|d 1934-
|
| 650 |
|
0 |
|a Diplomats
|z Bangladesh
|v Biography.
|
| 852 |
|
|
|a Ayesha Abed Library
|c General Stacks
|
| 942 |
|
|
|2 ddc
|c BK
|
| 999 |
|
|
|c 46414
|d 46414
|
| 952 |
|
|
|0 0
|1 0
|2 ddc
|4 0
|6 327_549200920000000_RAS
|7 0
|9 75168
|a BRACUL
|b BRACUL
|c GEN
|d 2024-02-19
|e Donated By Rebecca Dipa Khan
|g 150.00
|l 0
|o 327.54920092 RAS
|p 3010042289
|r 2024-02-19
|t 1
|w 2024-02-19
|y BK
|